| 000 | 00745cab a2200253 4500 | ||
|---|---|---|---|
| 001 | ABS56275 | ||
| 008 | 090401t1996 xxu||||| |||| 00| 0 eng d | ||
| 035 | _a(Sirsi) u22468 | ||
| 041 | _aeng | ||
| 100 | _aBond, P. | ||
| 245 | _a`The same answer?` - valuation methods for rating | ||
| 260 | _c1996 | ||
| 350 | _a0 | ||
| 490 |
_aThe Impugner (RICS Rating Diploma Holders` Section) _v2(1) November 1996, (28) |
||
| 520 | _aExamines the `profits` and `contractor principle` methods of rating valuation. | ||
| 650 | _aCONTRACTOR PRINCIPLE | ||
| 650 | _aPROFITS METHOD | ||
| 650 | _aRATING VALUATION | ||
| 650 | _aVALUATION METHODS | ||
| 690 | _aRATING AND VALUATION | ||
| 700 | _aHenry, David | ||
| 942 | _n0 | ||
| 948 | _c04/03/1997 | ||
| 999 |
_c15053 _d15053 |
||